000 00821cam a2200277 4500
008 090401t1988 xxu||||| |||| 00| 0 eng d
020 _a0632018437
035 _a(Sirsi) u20330
041 _aeng
050 _a692.8
100 _aClamp, Hugh
245 4 _aThe shorter forms of building contract
250 _a2nd ed.
260 _aOxford
_bBSP Professional Books
_c1988
300 _a170p. ; 24cm.
350 _a19.95
650 _aASSOCIATION OF CONSULTANT ARCHITECTS
650 _aBUILT ENVIRONMENT-BUILDING CONTRACT FORMS
650 _aFACULTY OF ARCHITECTS AND SURVEYORS
650 _aGC WORKS 2
650 _aJCT MINOR WORKS AGREEMENT (1980 EDITION)
650 _aJOINT COUNCIL FOR LANDSCAPE INDUSTRIES
650 _aSCOTTISH BUILDING CONTRACTS COMMITTEE
942 _n0
948 _c04/03/1997
999 _c87800
_d87800